000
00246nam a2200097Ia 4500
008
240331s9999 xx 000 0 und d
082
_b
PER
100
_a
Perera, J
245
0
_a
New dimensions of social stratificationb in rural Sri Lanka
942
_c
L
999
_c
1961
_d
1961